000 00658nam a22002177a 4500
001 45539
003 BD-RjUL
005 20211209054030.0
008 160726m19811957enk||||| |||| 00| 0 eng d
035 _a(BD-RjUL) 45657
040 _aBD-RjUL
_beng
_cBD-RjUL
041 _aeng
082 _223
_a338.91
_bBAE 1981
100 _aBauer, P.T.
_9139391
245 1 0 _aEconomic analysis and policy in underdevelopment countries /
_cP.T. Bauer
260 _aWestport :
_bGreenwood press,
_c1981
300 _axiv, 145 p. ;
_c21 cm.
500 _aIndex present
650 _aPaíses subdesarrollados
_vCondiciones económicas.
_9139392
942 _2ddc
_cBK
999 _c45539
_d45539